[Event "Verona Primavera op-B 3rd"]
[Site "Verona"]
[Date "2023.05.14"]
[Round "4"]
[White "Fracasso Pezzolato, Michele"]
[Black "Demeio, Lorenzo"]
[Result "0-1"]
[WhiteElo "1740"]
[BlackElo "1644"]
[PlyCount "42"]
[EventDate "2023.05.12"]
[EventType "swiss"]
[EventRounds "5"]
[EventCountry "ITA"]
[SourceTitle "EXT 2025"]
[Source "ChessBase"]
[SourceDate "2024.10.14"]
[SourceVersion "1"]
[SourceVersionDate "2024.10.14"]
[SourceQuality "1"]

1. e4 c6 2. d4 d5 3. Nc3 dxe4 4. Nxe4 Nf6 5. Ng3 h5 6. Bc4 h4 7. N3e2 Bg4 8. Be3 e6 9. Qd2 Nbd7 10. h3 Bf5 11. Nc3 Bb4 12. Bd3 Be4 13. f3 Bxd3 14. Qxd3 Qc7 15. Nge2 0-0-0 16. 0-0-0 Ne5 17. Qd2 Nd5 18. Bf4 Bxc3 19. Nxc3 Nxf4 20. dxe5 Rxd2 21. Rxd2 Rd8 0-1

[Event "Veneto Province-ch 82nd"]
[Site "Ceregnano"]
[Date "2023.01.27"]
[Round "1.1"]
[White "Vincenzi, Marco"]
[Black "Demeio, Lorenzo"]
[Result "1-0"]
[WhiteElo "2029"]
[BlackElo "1542"]
[PlyCount "67"]
[EventDate "2023.01.27"]
[EventType "swiss"]
[EventRounds "5"]
[EventCountry "ITA"]
[SourceTitle "EXT 2024"]
[Source "ChessBase"]
[SourceDate "2023.10.10"]
[SourceVersion "1"]
[SourceVersionDate "2023.10.10"]
[SourceQuality "1"]

1. e4 c6 2. d4 d5 3. e5 c5 4. dxc5 e6 5. Nf3 Bxc5 6. Bd3 Ne7 7. 0-0 Nbc6 8. c3 Qc7 9. b4 Bb6 10. Bf4 Bd7 11. a3 a6 12. Re1 d4 13. Nxd4 Nxd4 14. cxd4 Bxd4 15. Ra2 Nd5 16. Qd2 Qb6 17. b5 Nxf4 18. Qxf4 axb5 19. a4 Rxa4 20. Rc2 Bc6 21. Nd2 Ra3 22. Ne4 Bxe4 23. Qxe4 Rc3 24. Ra2 Rc8 25. Rd1 g6 26. Qxd4 Qxd4 27. Bxb5+ Ke7 28. Rxd4 Rc1+ 29. Bf1 Rb1 30. g3 Rc8 31. Kg2 Rcc1 32. Be2 b5 33. Ra7+ Kf8 34. Rdd7 1-0